|
|
|
|
| LEADER |
00000nab a2200000 a 4500 |
| 001 |
vtls008985207 |
| 003 |
SK-MaSNL |
| 005 |
20260304145554.0 |
| 008 |
250505c2006 xo br|p|||an |000 b|slo |
| 015 |
|
|
|a SNBRB2007/04
|
| 035 |
|
|
|a (sysno)vtls008985207
|
| 035 |
|
|
|a urn:nbn:sk:snk-ab77kf
|
| 035 |
|
|
|a (uuid)4a0352a7-5651-40b3-b1eb-b79a8d8a287d
|
| 035 |
|
|
|a (urnnbn)urn:nbn:sk:snk:ar-a073pb
|
| 038 |
|
|
|a SPK
|
| 040 |
|
|
|a SNKBUCL
|b slo
|c SNKBUCL
|e AACR2
|
| 041 |
0 |
|
|a slo
|b slo
|
| 044 |
|
|
|a xo
|c SK
|
| 072 |
|
7 |
|a 371
|x Školstvo (organizácia)
|2 konspekt
|
| 072 |
|
7 |
|a 316.7
|x Sociológia kultúry. Kultúrny život
|2 konspekt
|
| 080 |
|
|
|a 371.212.72
|2 1997
|
| 080 |
|
|
|a 316.728-053.5
|2 1997
|
| 100 |
1 |
|
|a Marková, Zuzana
|4 aut
|9 336970
|
| 245 |
1 |
0 |
|a Kvalita života detí s poruchami učenia
|c Zuzana Marková
|
| 300 |
|
|
|b Grafy, tab.
|
| 504 |
|
|
|a Bibliogr. odkazy
|
| 546 |
|
|
|a Res. slov.
|
| 650 |
0 |
7 |
|a špecifické poruchy učenia
|2 snkbucl
|9 3738
|
| 650 |
0 |
7 |
|a kvalita života
|2 snkbucl
|9 1705
|
| 650 |
0 |
7 |
|a deti
|2 snkbucl
|9 773
|
| 773 |
0 |
|
|t Pedagogické spektrum
|g Roč. XV, č. 9-10 (2006), s. 50-59
|x 1335-793X
|
| 850 |
|
|
|a Slovenská národná knižnica
|
| 852 |
|
|
|a Slovenská národná knižnica
|
| 954 |
|
|
|a odborná, vedecká literatúra pôvodná (slovenská)
|2 lita
|
| 958 |
|
|
|a article27
|
| 958 |
|
|
|a NB
|2 spk
|
| 958 |
|
|
|a OND
|
| 958 |
|
|
|a EUIPO
|
| 999 |
|
|
|c 2936039
|d 2937969
|